000 00617nam a2200229Ia 4500
005 20250108125152.0
008 008 250107s9999 xx 000 0 eng d
020 _a81-220-0701-5
037 _aTB
040 _aCRL
_beng
_cCRL
041 _aeng
_2eng
084 _aQ223:31 Q9
084 _qCRL
100 _aJha Amit Au.
_9730511
245 0 _aOral tradition in ancient India
_cJha Amit Au.
260 _aNew Delhi, India
_bResearch Indfia Press
_c3523
300 _axiii,256p.
365 _aINR
_b9000
650 _aCULTURESOCIOLOGY
942 _cTB
_hQ223:31 Q9
999 _c1235911
_d1235911